The new university.
Guardado en:
| 主要作者: | |
|---|---|
| 格式: | 圖書 |
| 語言: | 英语 |
| 主題: | |
| 標簽: |
沒有標簽, 成為第一個標記此記錄!
|
MARC
| LEADER | 00000cam^a2200000uu^4500 | ||
|---|---|---|---|
| 001 | 000463226 | ||
| 005 | 20250521000000.0 | ||
| 008 | 050901s1968^^^^^^^^^^^^rd^r^^000^0^eng^d | ||
| 009 | 20260310124308.436 | ||
| 022 | |a 710060459 | ||
| 035 | |a FCE 000005776 | ||
| 035 | |a FCE 022884 | ||
| 037 | |a Acervo ITESO - Biblioteca | ||
| 041 | |a eng | ||
| 082 | 0 | 4 | |a 378.155 |b LAWn |
| 100 | |a Lawlor, John |e (autor) | ||
| 245 | 1 | 4 | |a The new university. |
| 264 | |a Gran Bretaña : |b John Lawlor, |c 1968. | ||
| 300 | |a 200 p. | ||
| 336 | |a texto |b txt |2 rdacontenido | ||
| 337 | |a sin mediación |b n |2 rdamedio | ||
| 338 | |a volumen |b nc |2 rdasoporte | ||
| 649 | |a XX | ||
| 650 | |a Educación superior | ||
| 650 | |a Cambio de la educación | ||
| 650 | |a Innovación educativa | ||
| 650 | |a Educación y sociedad | ||
| 650 | |a Problemas educativos | ||
| 650 | |a Estudios de casos | ||
| 650 | |a Nueva Zelanda | ||
| 650 | |a Inglaterra | ||
| 650 | |a Australia | ||
| 910 | |a Fondo Centro de Estudios Educativos | ||
| 920 | |a Impresos - Libros | ||
| 930 | |a Fondos Especiales | ||
| 905 | |a 133 | ||
| 901 | |a ALE022884 |b IT2 |c CEE |u 20250521 | ||
| 902 | |a https://opac.biblio.iteso.mx/vufind/Record/000463226 | ||